MARC

LEADER 00000nam0a2200000 4500
001 43412
005 20231101210820.0
035 |a (RuTPU)RU\TPU\book\44894 
090 |a 43412 
100 |a 20021009d1977 km y0rusy50 ca 
101 0 |a rus 
102 |a RU 
105 |a a z 001zy 
200 1 |a Что каждый физик должен знать о плазме  |f Л. А. Арцимович 
205 |a 2-е изд. 
210 |a Москва  |c Атомиздат  |d 1977 
215 |a 112 с.  |c ил. 
320 |a Библиогр.: с. 111 
606 1 |a Плазма  |x Физика  |2 stltpush  |3 (RuTPU)RU\TPU\subj\48885  |9 67703 
610 1 |a электроны 
610 1 |a движение 
610 1 |a устойчивость 
610 1 |a магнитное поле 
610 1 |a электрическое поле 
610 1 |a плазменные конфигурации 
610 1 |a устойчивость 
610 1 |a неустойчивость 
610 1 |a подавление 
610 1 |a библиотека А. Г. Стромберга 
675 |a 533.9  |v 3 
700 1 |a Арцимович  |b Л. А.  |g Лев Андреевич 
801 1 |a RU  |b 63413507  |c 20021009  |g PSBO 
801 2 |a RU  |b 63413507  |c 20171004  |g PSBO 
942 |c BK